[Event "Cattolica Vergani Cup"]
[Site "Cattolica"]
[Date "2021.12.27"]
[Round "2"]
[White "Grimaldi, Angela Flavia"]
[Black "Karas, Eugenia"]
[Result "0-1"]
[WhiteElo "2076"]
[BlackElo "1804"]
[PlyCount "166"]
[EventDate "2021.12.26"]
[EventType "swiss"]
[EventRounds "9"]
[EventCountry "ITA"]
[SourceTitle "EXT 2023"]
[Source "ChessBase"]
[SourceDate "2022.10.05"]
[SourceVersion "1"]
[SourceVersionDate "2022.10.05"]
[SourceQuality "1"]

1. e4 e6 2. d4 d5 3. Nc3 Bb4 4. Nge2 b6 5. a3 Bxc3+ 6. Nxc3 dxe4 7. Nxe4 Bb7 8. Bd3 Ne7 9. 0-0 Nf5 10. c3 h6 11. Bf4 0-0 12. Qe2 Nd7 13. Rad1 a5 14. Rfe1 Rc8 15. Bc2 Nf6 16. Nxf6+ Qxf6 17. Qg4 g6 18. Qh3 h5 19. Be4 Bxe4 20. Rxe4 Nd6 21. Be5 Qf5 22. Qxf5 Nxf5 23. h3 Nd6 24. Re2 Nc4 25. Bf6 Rfe8 26. g4 Kh7 27. Rde1 c6 28. Kh2 b5 29. Rg1 Kg8 30. f3 Nb6 31. Be5 Nd7 32. Bd6 a4 33. Reg2 hxg4 34. hxg4 Kg7 35. Kg3 Rh8 36. Rc1 Nb6 37. Be5+ f6 38. Bf4 g5 39. Bd6 Nc4 40. Bc5 Kf7 41. Re1 Rce8 42. Rge2 Rh7 43. f4 gxf4+ 44. Kxf4 e5+ 45. dxe5 Nxe5 46. Kf5 Rg8 47. Rxe5 Rg5+ 48. Kf4 Rxe5 49. Rxe5 fxe5+ 50. Kxe5 Rh6 51. g5 Re6+ 52. Kf4 Re2 53. Kf5 Rxb2 54. g6+ Kg8 55. Ke6 Rb3 56. Bb4 c5 57. Bxc5 Rxc3 58. Kd5 Rc4 59. Bd4 Rc2 60. Be5 Ra2 61. Bd6 Rd2+ 62. Kc5 Rxd6 63. Kxd6 b4 64. axb4 a3 65. b5 a2 66. b6 a1Q 67. b7 Qb2 68. Kc7 Qc3+ 69. Kd8 Qb4 70. Kc8 Qc5+ 71. Kd8 Qb6+ 72. Kc8 Qc6+ 73. Kb8 Kg7 74. Ka7 Qc7 75. Ka8 Qa5+ 76. Kb8 Kxg6 77. Kc8 Qc5+ 78. Kd8 Qb6+ 79. Kc8 Qc6+ 80. Kb8 Kf6 81. Ka7 Qc7 82. Ka8 Qa5+ 83. Kb8 Ke6 0-1

[Event "Cattolica Vergani Cup"]
[Site "Cattolica"]
[Date "2021.12.27"]
[Round "3"]
[White "Palozza, Flavio"]
[Black "Grimaldi, Angela Flavia"]
[Result "1/2-1/2"]
[WhiteElo "1830"]
[BlackElo "2076"]
[PlyCount "109"]
[EventDate "2021.12.26"]
[EventType "swiss"]
[EventRounds "9"]
[EventCountry "ITA"]
[SourceTitle "EXT 2023"]
[Source "ChessBase"]
[SourceDate "2022.10.05"]
[SourceVersion "1"]
[SourceVersionDate "2022.10.05"]
[SourceQuality "1"]

1. e4 c5 2. c3 d5 3. exd5 Qxd5 4. d4 g6 5. Nf3 Bg7 6. Na3 cxd4 7. Bc4 Qe4+ 8. Be3 Nh6 9. Nb5 0-0 10. cxd4 Nc6 11. Nc3 Qg4 12. h3 Qh5 13. Qd2 Ng4 14. 0-0 Nxe3 15. fxe3 a6 16. Be2 Qa5 17. Rac1 Be6 18. b3 b5 19. Ne4 Qxd2 20. Nexd2 Rac8 21. Kf2 Nb4 22. a3 Nd5 23. e4 Nf4 24. b4 Nxe2 25. Kxe2 Bh6 26. d5 Bd7 27. Ne5 Rxc1 28. Rxc1 Rc8 29. Rxc8+ Bxc8 30. Nb3 f5 31. Nc6 Kf8 32. e5 Ke8 33. Nc5 Bc1 34. Nb8 Kd8 35. Nc6+ Ke8 36. Na7 Kd8 37. Nxc8 Kxc8 38. Nxa6 Bxa3 39. d6 exd6 40. exd6 Kd7 41. Nc7 Bxb4 42. Nxb5 Bxd6 43. Nd4 Be5 44. Nf3 Bf6 45. Ng1 Ke6 46. Kf3 Bg5 47. Ne2 Ke5 48. g4 Bd8 49. gxf5 Kxf5 50. Nd4+ Kf6 51. Kg4 h5+ 52. Kf3 Bb6 53. Ne2 Kg5 54. Nf4 Ba7 55. Nxg6 1/2-1/2

[Event "Online Olym Div Top-C"]
[Site "Chess.com INT"]
[Date "2021.09.11"]
[Round "9.3"]
[White "Grimaldi, Angela Flavia"]
[Black "Schulze, Lara"]
[Result "0-1"]
[WhiteElo "2078"]
[BlackElo "2252"]
[PlyCount "80"]
[EventDate "2021.09.09"]
[EventType "team (rapid)"]
[EventRounds "9"]
[EventCountry "USA"]
[SourceTitle "CBM 204 Extra"]
[Source "ChessBase"]
[SourceDate "2021.11.30"]
[SourceVersion "1"]
[SourceVersionDate "2021.11.30"]
[SourceQuality "1"]
[WhiteTeam "Italy"]
[BlackTeam "Germany"]
[WhiteTeamCountry "ITA"]
[BlackTeamCountry "GER"]

1. e4 c5 2. Nf3 d6 3. Bb5+ Nd7 4. c3 Ngf6 5. Qe2 a6 6. Ba4 b5 7. Bc2 Bb7 8. d4 e6 9. 0-0 Be7 10. Bf4 0-0 11. Nbd2 Rc8 12. Rac1 Re8 13. Rfd1 Qc7 14. Bg5 h6 15. Bh4 e5 16. d5 c4 17. h3 Nc5 18. b4 cxb3 19. axb3 Nh5 20. Bxe7 Qxe7 21. g3 g6 22. b4 Nd7 23. Bd3 Nb6 24. c4 bxc4 25. Nxc4 Nxc4 26. Bxc4 Ra8 27. Ra1 Bc8 28. Kh2 Qd7 29. Qf1 f5 30. exf5 Qxf5 31. Nh4 Qf6 32. Bxa6 Bxa6 33. Rxa6 Rxa6 34. Qxa6 Qxf2+ 35. Ng2 Qxg3+ 36. Kg1 Nf4 37. Rd2 Nxh3+ 38. Kh1 Rf8 39. Qd3 Qxd3 40. Rxd3 Nf2+ 0-1

[Event "Online Olym Div Top-C"]
[Site "Chess.com INT"]
[Date "2021.09.11"]
[Round "8.4"]
[White "Hryzlova, Sofiia"]
[Black "Grimaldi, Angela Flavia"]
[Result "1/2-1/2"]
[WhiteElo "2176"]
[BlackElo "2078"]
[PlyCount "107"]
[EventDate "2021.09.09"]
[EventType "team (rapid)"]
[EventRounds "9"]
[EventCountry "USA"]
[SourceTitle "CBM 204 Extra"]
[Source "ChessBase"]
[SourceDate "2021.11.30"]
[SourceVersion "1"]
[SourceVersionDate "2021.11.30"]
[SourceQuality "1"]
[WhiteTeam "Ukraine"]
[BlackTeam "Italy"]
[WhiteTeamCountry "UKR"]
[BlackTeamCountry "ITA"]

1. c4 c5 2. Nf3 g6 3. d4 cxd4 4. Nxd4 Nc6 5. e4 Nf6 6. Nc3 d6 7. Be2 Nxd4 8. Qxd4 Bg7 9. 0-0 0-0 10. Qd1 Be6 11. Be3 a5 12. f3 Nd7 13. a3 Rc8 14. Qa4 Nc5 15. Qc2 Nd7 16. b3 a4 17. Rac1 axb3 18. Qxb3 Qa5 19. Nd5 Bxd5 20. cxd5 Nc5 21. Qb4 b6 22. Rb1 Ra8 23. Qxb6 Qxa3 24. Bf2 Qa2 25. Qb5 Ra5 26. Qc4 Qxc4 27. Bxc4 f5 28. Bh4 Bd4+ 29. Kh1 Ra7 30. exf5 Rxf5 31. Rfe1 Re5 32. Rxe5 Bxe5 33. Bf2 Ra5 34. g3 Kf7 35. f4 Bf6 36. Kg2 Ne4 37. Be1 Rc5 38. Be2 Nc3 39. Bxc3 Rxc3 40. Bg4 Rc2+ 41. Kh3 Rd2 42. Be6+ Kg7 43. Rb8 h5 44. Rb3 Rb2 45. Rf3 Rc2 46. Rb3 Rb2 47. Ra3 Rb8 48. Ra2 Kh7 49. Bf7 Kg7 50. Be6 Kh7 51. Ra7 Kg7 52. Bd7 Rd8 53. Be6 Rb8 54. Ra2 1/2-1/2

[Event "Online Olym Div Top-C"]
[Site "Chess.com INT"]
[Date "2021.09.09"]
[Round "3.2"]
[White "Katkov, Michelle"]
[Black "Grimaldi, Angela Flavia"]
[Result "1-0"]
[WhiteElo "2051"]
[BlackElo "2078"]
[PlyCount "83"]
[EventDate "2021.09.09"]
[EventType "team (rapid)"]
[EventRounds "9"]
[EventCountry "USA"]
[SourceTitle "CBM 204 Extra"]
[Source "ChessBase"]
[SourceDate "2021.11.30"]
[SourceVersion "1"]
[SourceVersionDate "2021.11.30"]
[SourceQuality "1"]
[WhiteTeam "Israel"]
[BlackTeam "Italy"]
[WhiteTeamCountry "ISR"]
[BlackTeamCountry "ITA"]

1. e4 c5 2. c3 d5 3. exd5 Qxd5 4. d4 g6 5. Nf3 Bg7 6. Be3 cxd4 7. cxd4 Qa5+ 8. Nc3 Nf6 9. Bc4 0-0 10. 0-0 Bg4 11. h3 Bxf3 12. Qxf3 Nc6 13. Bb3 Rac8 14. Rad1 b5 15. Rfe1 Rfd8 16. Qe2 b4 17. Na4 Nd5 18. Nc5 Qb6 19. Qf3 e6 20. Na4 Qa5 21. Nc5 Qb6 22. Na4 Qc7 23. Qg4 Na5 24. Bg5 Rd6 25. Rc1 Qb8 26. Rxc8+ Qxc8 27. Rc1 Rc6 28. Nc5 Nxb3 29. axb3 Bf8 30. Ra1 Bxc5 31. dxc5 Rxc5 32. Rxa7 Rc7 33. Ra1 f6 34. Bh6 e5 35. Qf3 Rd7 36. Rd1 Qd8 37. Qg4 Nb6 38. Qe6+ Kh8 39. Rxd7 Nxd7 40. Qf7 Qg8 41. Qxd7 g5 42. Qf5 1-0

[Event "Online Olym Div2 B"]
[Site "Chess.com INT"]
[Date "2021.09.04"]
[Round "9.4"]
[White "Golsta, Madara"]
[Black "Grimaldi, Angela Flavia"]
[Result "1-0"]
[WhiteElo "1967"]
[BlackElo "2078"]
[PlyCount "79"]
[EventDate "2021.09.02"]
[EventType "team (rapid)"]
[EventRounds "9"]
[EventCountry "USA"]
[SourceTitle "CBM 204 Extra"]
[Source "ChessBase"]
[SourceDate "2021.11.30"]
[SourceVersion "1"]
[SourceVersionDate "2021.11.30"]
[SourceQuality "1"]
[WhiteTeam "Latvia"]
[BlackTeam "Italy"]
[WhiteTeamCountry "LAT"]
[BlackTeamCountry "ITA"]

1. d4 d5 2. c4 e6 3. Nc3 Nf6 4. cxd5 exd5 5. Bg5 c6 6. e3 Be7 7. Bd3 Nbd7 8. Qc2 h6 9. Bh4 Nh5 10. Bxe7 Qxe7 11. Nge2 Nhf6 12. 0-0 0-0 13. Rae1 Re8 14. Ng3 Nf8 15. f3 Qd6 16. a3 Be6 17. Na4 Rac8 18. b4 N8d7 19. Qb2 b5 20. Nc5 Nb6 21. Re2 Nc4 22. Bxc4 dxc4 23. e4 Nd7 24. Nxd7 Qxd7 25. Qc3 Red8 26. Rd2 Ra8 27. Nh5 a5 28. d5 f6 29. Rfd1 cxd5 30. exd5 Bf5 31. Re1 axb4 32. axb4 Bd3 33. g4 Qxd5 34. Re7 Rd7 35. Rxg7+ Kh8 36. Rxd7 Qxd7 37. Qxf6+ Kh7 38. Qe5 Qf7 39. Rxd3 Qa7+ 40. Re3 1-0

[Event "Online Olym Div2 B"]
[Site "Chess.com INT"]
[Date "2021.09.03"]
[Round "6.1"]
[White "Grimaldi, Angela Flavia"]
[Black "Pellicoro, Nathalie"]
[Result "1-0"]
[WhiteElo "2078"]
[BlackElo "1917"]
[PlyCount "67"]
[EventDate "2021.09.02"]
[EventType "team (rapid)"]
[EventRounds "9"]
[EventCountry "USA"]
[SourceTitle "CBM 204 Extra"]
[Source "ChessBase"]
[SourceDate "2021.11.30"]
[SourceVersion "1"]
[SourceVersionDate "2021.11.30"]
[SourceQuality "1"]
[WhiteTeam "Italy"]
[BlackTeam "Switzerland"]
[WhiteTeamCountry "ITA"]
[BlackTeamCountry "SUI"]

1. e4 e5 2. Nf3 Nc6 3. Bc4 Nf6 4. d3 Bc5 5. c3 a6 6. Bb3 d6 7. Nbd2 Ba7 8. 0-0 h6 9. Nc4 g5 10. Ne3 Rg8 11. Kh1 h5 12. Nd5 g4 13. Ng5 Nxd5 14. exd5 Ne7 15. Ne4 Nf5 16. f4 g3 17. fxe5 Qh4 18. Qxh5 Qxh5 19. Nf6+ Kd8 20. Nxh5 Rh8 21. Bg5+ Ke8 22. Nf6+ Kf8 23. h3 Rh5 24. d4 dxe5 25. Nxh5 exd4 26. cxd4 Bxd4 27. Bc2 Bf2 28. Bxf5 Bxf5 29. Nxg3 Bxg3 30. Rxf5 Re8 31. Raf1 Kg8 32. Bf6 Kh7 33. Rh5+ Kg6 34. Rg5+ 1-0

[Event "Mitropa Cup Online (Women)"]
[Site "Tornelo INT"]
[Date "2021.05.05"]
[Round "2.4"]
[White "Grimaldi, Angela Flavia"]
[Black "Taragelova, Martina"]
[Result "1/2-1/2"]
[WhiteElo "2000"]
[BlackElo "2010"]
[PlyCount "64"]
[EventDate "2021.05.04"]
[EventType "team-tourn"]
[EventRounds "9"]
[EventCountry "SUI"]
[SourceTitle "CBM 202 Extra"]
[Source "ChessBase"]
[SourceDate "2021.07.31"]
[SourceVersion "1"]
[SourceVersionDate "2021.07.31"]
[SourceQuality "1"]
[WhiteTeam "Italy (W)"]
[BlackTeam "Slovakia (W)"]
[WhiteTeamCountry "ITA"]
[BlackTeamCountry "SVK"]

1. e4 e5 2. Nf3 Nc6 3. Bc4 Bc5 4. c3 Nf6 5. d3 d6 6. 0-0 0-0 7. Nbd2 h6 8. h3 a6 9. Bb3 Re8 10. Re1 Be6 11. Nf1 d5 12. exd5 Bxd5 13. Be3 Bxe3 14. Rxe3 Qd6 15. Ng3 g6 16. Ne4 Bxe4 17. dxe4 Rad8 18. Re1 Re7 19. Qc1 Kg7 20. Qe3 Qd3 21. Rad1 Qxe3 22. Rxe3 Rxd1+ 23. Bxd1 Rd7 24. Bc2 Kf8 25. Rd3 Ke7 26. Kf1 Rxd3 27. Bxd3 Nd7 28. Nd2 Nc5 29. Bc2 Ne6 30. g3 Nb8 31. Nc4 Nd7 32. Ke2 f6 1/2-1/2

[Event "Bassano del Grappa Mix IM 1st"]
[Site "Bassano del Grappa"]
[Date "2021.03.18"]
[Round "4"]
[White "Basso, Pier Luigi"]
[Black "Grimaldi, Angela Flavia"]
[Result "1-0"]
[WhiteElo "2521"]
[BlackElo "2067"]
[PlyCount "93"]
[EventDate "2021.03.17"]
[EventType "tourn"]
[EventRounds "9"]
[EventCountry "ITA"]
[SourceTitle "CBM 201 Extra"]
[Source "ChessBase"]
[SourceDate "2021.05.31"]
[SourceVersion "1"]
[SourceVersionDate "2021.05.31"]
[SourceQuality "1"]

1. d4 Nf6 2. c4 e6 3. Nc3 d5 4. Nf3 Be7 5. Qc2 b6 6. cxd5 Nxd5 7. Nxd5 exd5 8. g3 Be6 9. Bg2 Nd7 10. 0-0 c5 11. dxc5 bxc5 12. b3 0-0 13. Bb2 h6 14. Rac1 Rc8 15. Rfd1 Qb6 16. Ne1 d4 17. Nf3 Bf6 18. Qb1 Rfd8 19. Nd2 Ne5 20. Ne4 Bf5 21. Qa1 Bxe4 22. Bxe4 Re8 23. Qb1 a5 24. Qc2 g6 25. Bg2 Bg7 26. Bh3 f5 27. Bg2 Red8 28. Ba1 Kh7 29. h3 Qe6 30. Qd2 a4 31. bxa4 c4 32. Qc2 c3 33. a5 Nc4 34. Bb7 Rc7 35. a6 Na5 36. e3 Nxb7 37. axb7 Rxb7 38. Bxc3 Rc8 39. exd4 Rbc7 40. Qd2 Qc4 41. a3 Qb3 42. Bb4 Rxc1 43. Rxc1 Rxc1+ 44. Qxc1 Bxd4 45. Qc7+ Bg7 46. Bf8 Qd1+ 47. Kh2 1-0

[Event "Bassano del Grappa Mix IM 1st"]
[Site "Bassano del Grappa"]
[Date "2021.03.17"]
[Round "1"]
[White "Grimaldi, Angela Flavia"]
[Black "Plat, Vojtech"]
[Result "0-1"]
[WhiteElo "2067"]
[BlackElo "2555"]
[PlyCount "117"]
[EventDate "2021.03.17"]
[EventType "tourn"]
[EventRounds "9"]
[EventCountry "ITA"]
[SourceTitle "CBM 201 Extra"]
[Source "ChessBase"]
[SourceDate "2021.05.31"]
[SourceVersion "1"]
[SourceVersionDate "2021.05.31"]
[SourceQuality "1"]

1. e4 e5 2. Nf3 Nc6 3. Bc4 Be7 4. c3 Nf6 5. d3 0-0 6. Bb3 d5 7. Qe2 Re8 8. 0-0 Bg4 9. Nbd2 Qd7 10. Rd1 Bc5 11. Nf1 Bxf3 12. Qxf3 dxe4 13. dxe4 Qg4 14. Qxg4 Nxg4 15. Be3 Nxe3 16. Nxe3 Bxe3 17. fxe3 Re7 18. Rd5 Rf8 19. Rad1 Nb8 20. Kf2 g6 21. g4 h6 22. Ke2 Kg7 23. h4 c6 24. Rd6 Na6 25. Bc2 Nc7 26. a4 Rb8 27. b4 Ne8 28. R6d2 Nf6 29. Kf3 g5 30. h5 Kf8 31. Bb3 Ree8 32. Rd6 Ke7 33. a5 Rec8 34. R6d3 Rc7 35. R1d2 Rd7 36. Rxd7+ Nxd7 37. Rf2 Nf6 38. Rd2 Ne8 39. Rd1 Nc7 40. Ke2 Nb5 41. Rd3 Nd6 42. Kf3 b6 43. axb6 axb6 44. Rd2 Ra8 45. Ra2 Rxa2 46. Bxa2 Nb5 47. c4 Nc7 48. Ke2 Na6 49. b5 cxb5 50. cxb5 Nc7 51. Bc4 Kd6 52. Kd3 f6 53. Kc3 Kc5 54. Kb3 Nxb5 55. Be6 Nd6 56. Bd5 f5 57. gxf5 g4 58. f6 g3 59. Kc2 0-1

[Event "Wch FIDE Online U18 Girls Europe qual"]
[Site "Tornelo INT"]
[Date "2020.12.08"]
[Round "3"]
[White "Grimaldi, Angela Flavia"]
[Black "Golsta, Madara"]
[Result "1/2-1/2"]
[WhiteElo "1864"]
[BlackElo "1924"]
[PlyCount "97"]
[EventDate "2020.12.07"]
[EventType "swiss (rapid)"]
[EventRounds "7"]
[EventCountry "ISS"]
[SourceTitle "EXT 2022"]
[Source "ChessBase"]
[SourceDate "2021.10.06"]
[SourceVersion "1"]
[SourceVersionDate "2021.10.06"]
[SourceQuality "1"]

1. e4 c5 2. Nf3 Nc6 3. d4 cxd4 4. Nxd4 g6 5. c4 Bg7 6. Be3 Nf6 7. Nc3 0-0 8. Be2 d6 9. 0-0 Bd7 10. Nc2 Rc8 11. f3 Na5 12. Na3 Be6 13. Nd5 Nd7 14. Qd2 Ne5 15. Rac1 b6 16. b3 h5 17. Nb5 Nac6 18. Rfd1 Qd7 19. h3 Bxh3 20. gxh3 Qxh3 21. f4 Qg3+ 22. Kf1 Nf3 23. Bxf3 Qxf3+ 24. Qf2 Qxe4 25. Re1 Qf5 26. Qg2 h4 27. Rcd1 h3 28. Qf3 e6 29. Nxd6 Qc2 30. Nxc8 exd5 31. cxd5 Nb4 32. Ne7+ Kh7 33. Qf2 Qxf2+ 34. Kxf2 Nc2 35. d6 Nxe1 36. d7 h2 37. Rxe1 Rd8 38. Rd1 Rxd7 39. Rxd7 h1Q 40. f5 Qh2+ 41. Kf3 Qh3+ 42. Ke2 Qg2+ 43. Kd3 Qf1+ 44. Ke4 gxf5+ 45. Nxf5 Qg2+ 46. Kd3 Qf1+ 47. Ke4 Qb1+ 48. Kf4 Qf1+ 49. Ke4 1/2-1/2

[Event "ITA-ch Online (Women) Qual GpB"]
[Site "Premium Chess Arena INT"]
[Date "2020.11.20"]
[Round "6.1"]
[White "Zimina, Olga"]
[Black "Grimaldi, Angela Flavia"]
[Result "1-0"]
[WhiteElo "2364"]
[BlackElo "2067"]
[PlyCount "131"]
[EventDate "2020.11.18"]
[EventType "tourn (rapid)"]
[EventRounds "7"]
[EventCountry "ITA"]
[SourceTitle "CBM 199 Extra"]
[Source "ChessBase"]
[SourceDate "2021.01.31"]
[SourceVersion "1"]
[SourceVersionDate "2021.01.31"]
[SourceQuality "1"]

1. Nf3 c5 2. g3 g6 3. Bg2 Bg7 4. 0-0 Nf6 5. c3 0-0 6. d4 cxd4 7. cxd4 d5 8. Ne5 Bf5 9. Qb3 Nc6 10. Nxc6 bxc6 11. Nc3 Qb6 12. Qd1 Nd7 13. e3 e5 14. Na4 Qb5 15. Re1 Rfe8 16. Bf1 Qa5 17. Bd2 Qc7 18. Bc3 a5 19. Rc1 Qd6 20. b3 Rec8 21. dxe5 Bxe5 22. Bxe5 Qxe5 23. Qd4 Rab8 24. Red1 Rb4 25. Qxe5 Nxe5 26. Be2 Be4 27. Nc3 Rcb8 28. Nxe4 Rxe4 29. f3 Reb4 30. f4 Nd7 31. Rxc6 a4 32. Rxd5 axb3 33. axb3 Nb6 34. Rd3 Re8 35. Bf3 Nc8 36. Rc7 Rb6 37. Bd5 Nd6 38. Rd7 Kf8 39. e4 Re7 40. Rxe7 Kxe7 41. e5 Nf5 42. g4 Ng7 43. Kf2 Ne6 44. Bxe6 fxe6 45. Rh3 Kf8 46. Rxh7 Rxb3 47. Rd7 Rb4 48. Kg3 Rb2 49. h3 Rb3+ 50. Kh4 Rf3 51. Kg5 Rxh3 52. Kxg6 Ke8 53. Ra7 Rg3 54. Kf6 Rxg4 55. Kxe6 Rg6+ 56. Kd5 Rg1 57. f5 Rb1 58. f6 Rb5+ 59. Ke4 Rb1 60. Kf5 Rb5 61. Re7+ Kf8 62. Rc7 Ra5 63. Kg6 Rxe5 64. Rc8+ Re8 65. Rxe8+ Kxe8 66. Kg7 1-0

[Event "ITA-ch Online (Women) Qual GpB"]
[Site "Premium Chess Arena INT"]
[Date "2020.11.19"]
[Round "5.4"]
[White "Santeramo, Alessia Carmen"]
[Black "Grimaldi, Angela Flavia"]
[Result "1/2-1/2"]
[WhiteElo "2160"]
[BlackElo "2067"]
[PlyCount "61"]
[EventDate "2020.11.18"]
[EventType "tourn (rapid)"]
[EventRounds "7"]
[EventCountry "ITA"]
[SourceTitle "CBM 199 Extra"]
[Source "ChessBase"]
[SourceDate "2021.01.31"]
[SourceVersion "1"]
[SourceVersionDate "2021.01.31"]
[SourceQuality "1"]

1. e4 c5 2. Nf3 g6 3. d4 cxd4 4. Qxd4 Nf6 5. Nc3 Nc6 6. Qa4 d6 7. e5 dxe5 8. Nxe5 Bg7 9. Bb5 0-0 10. Nxc6 bxc6 11. Bxc6 Bd7 12. 0-0 Rc8 13. Bxd7 Qxd7 14. Qa3 Ng4 15. h3 Ne5 16. Be3 Nc4 17. Qxa7 Rc7 18. Qa4 Qxa4 19. Nxa4 Nxb2 20. Nxb2 Bxb2 21. Rae1 Rxc2 22. Bh6 Bg7 23. Bxg7 Kxg7 24. Rxe7 Rxa2 25. Rb7 Re8 26. Rbb1 Ree2 27. Rbe1 Red2 28. Rd1 Rdc2 29. Rc1 Rcb2 30. Rb1 Rc2 31. Rbc1 1/2-1/2

[Event "Online Olym Div Top-D"]
[Site "Chess.com INT"]
[Date "2020.08.23"]
[Round "8.6"]
[White "Avramidou, Anastasia"]
[Black "Grimaldi, Angela Flavia"]
[Result "1-0"]
[WhiteElo "2267"]
[BlackElo "2070"]
[PlyCount "121"]
[EventDate "2020.08.21"]
[EventType "team-tourn (rapid)"]
[EventRounds "9"]
[EventCountry "USA"]
[SourceTitle "CBM 198"]
[Source "ChessBase"]
[SourceDate "2020.10.31"]
[SourceVersion "1"]
[SourceVersionDate "2020.10.31"]
[SourceQuality "1"]
[WhiteTeam "Greece"]
[BlackTeam "Italy"]
[WhiteTeamCountry "GRE"]
[BlackTeamCountry "ITA"]

1. d4 Nf6 2. c4 g6 3. Nc3 Bg7 4. e4 d6 5. Bd3 0-0 6. Nge2 c5 7. d5 e6 8. Bg5 exd5 9. exd5 Re8 10. 0-0 Nbd7 11. f4 h6 12. Bh4 g5 13. fxg5 Ng4 14. Qd2 Nde5 15. h3 Nxd3 16. Qxd3 hxg5 17. hxg4 gxh4 18. Qf3 Qe7 19. Kh1 Rf8 20. Nf4 Qg5 21. Ne4 Qxg4 22. Nxd6 Qxf3 23. gxf3 Be5 24. Nxc8 Bxf4 25. Ne7+ Kh7 26. Rfe1 Rfe8 27. Re4 Bg5 28. Rae1 Rad8 29. Kg2 Bf6 30. b3 Rd7 31. Nf5 Rg8+ 32. Kh3 Kg6 33. Rg1+ Kh7 34. Rxg8 Kxg8 35. Nxh4 b5 36. Nf5 bxc4 37. bxc4 Kh7 38. Kg4 Kg6 39. Re8 Rb7 40. d6 a5 41. Rg8+ Kh7 42. Rc8 Rd7 43. Rxc5 Bc3 44. Rc7 Rd8 45. Rxf7+ Kg6 46. Ra7 Bb4 47. Rc7 Kf6 48. c5 Ke6 49. Nd4+ Kd5 50. Nc6 Rg8+ 51. Kh3 Rh8+ 52. Kg2 Bxc5 53. d7 Bb6 54. Rc8 Rh6 55. d8Q+ Bxd8 56. Nxd8 Rg6+ 57. Kf2 Rg8 58. Ra8 a4 59. Ke3 Re8+ 60. Kd3 Kc5 61. Nb7+ 1-0

[Event "Online Olym Div Top-D"]
[Site "Chess.com INT"]
[Date "2020.08.21"]
[Round "2.6"]
[White "Frattini, Beatriz Maria"]
[Black "Grimaldi, Angela Flavia"]
[Result "0-1"]
[WhiteElo "1847"]
[BlackElo "2070"]
[PlyCount "158"]
[EventDate "2020.08.21"]
[EventType "team-tourn (rapid)"]
[EventRounds "9"]
[EventCountry "USA"]
[SourceTitle "CBM 198"]
[Source "ChessBase"]
[SourceDate "2020.10.31"]
[SourceVersion "1"]
[SourceVersionDate "2020.10.31"]
[SourceQuality "1"]
[WhiteTeam "Brazil"]
[BlackTeam "Italy"]
[WhiteTeamCountry "BRA"]
[BlackTeamCountry "ITA"]

1. e4 c5 2. Nf3 g6 3. d4 cxd4 4. Nxd4 Nc6 5. Nc3 Bg7 6. Be3 Nf6 7. Bc4 0-0 8. Bb3 d6 9. f3 Nxd4 10. Bxd4 Be6 11. Qd2 Qa5 12. 0-0-0 b5 13. Kb1 b4 14. Nd5 Bxd5 15. exd5 Qb5 16. Rhe1 a5 17. Qe2 Qxe2 18. Rxe2 a4 19. Bc4 Rfc8 20. b3 Rc7 21. g4 axb3 22. Bxb3 Kf8 23. g5 Nh5 24. Re4 Rb8 25. f4 f5 26. gxf6 Bxf6 27. Bxf6 Nxf6 28. Re3 Rb5 29. f5 Ng4 30. Rg3 Ne5 31. fxg6 hxg6 32. Rd4 Rb8 33. Re4 Kg7 34. h4 Kh6 35. Rg5 Rcb7 36. Rg3 Rf8 37. Rg1 Nf3 38. Rd1 Rf5 39. Kb2 Kh5 40. Rh1 Ne5 41. Rh3 Rb8 42. Ba4 Rb6 43. Bb3 Rb7 44. Ba4 Ng4 45. Bc6 Rc7 46. Rxb4 Nf6 47. Re3 Nxd5 48. Bxd5 Rxd5 49. Re6 Rdc5 50. Re2 e5 51. Rb6 R7c6 52. Rb4 Rc4 53. Rxc4 Rxc4 54. Kb3 Rxh4 55. a4 Kg5 56. a5 Kf5 57. a6 g5 58. a7 Rh8 59. Rd2 Ke6 60. Rd1 Ra8 61. Ra1 g4 62. Kc4 g3 63. Kd3 g2 64. Rg1 Rxa7 65. Rxg2 Ra3+ 66. Kd2 Kd5 67. Rg5 Rh3 68. Rg2 Kd4 69. Re2 e4 70. c3+ Rxc3 71. Rh2 Rf3 72. Ke2 d5 73. Rh5 Ra3 74. Rh8 Ra2+ 75. Kd1 Kd3 76. Ke1 e3 77. Kf1 e2+ 78. Kf2 Ra1 79. Re8 Rf1+ 0-1

[Event "Online Olym Div2 C"]
[Site "Chess.com INT"]
[Date "2020.08.16"]
[Round "7.6"]
[White "Avelino, Camila Biscaya"]
[Black "Grimaldi, Angela Flavia"]
[Result "1-0"]
[WhiteElo "1732"]
[BlackElo "2070"]
[PlyCount "45"]
[EventDate "2020.08.14"]
[EventType "team-tourn (rapid)"]
[EventRounds "9"]
[EventCountry "USA"]
[SourceTitle "CBM 198"]
[Source "ChessBase"]
[SourceDate "2020.10.31"]
[SourceVersion "1"]
[SourceVersionDate "2020.10.31"]
[SourceQuality "1"]
[WhiteTeam "Portugal"]
[BlackTeam "Italy"]
[WhiteTeamCountry "POR"]
[BlackTeamCountry "ITA"]

1. e4 c5 2. Nf3 g6 3. d4 cxd4 4. Nxd4 Nc6 5. Nc3 Bg7 6. Be3 Nf6 7. Nxc6 bxc6 8. e5 Ng8 9. f4 Nh6 10. Ne4 0-0 11. c3 Re8 12. Qb3 d6 13. 0-0-0 Qc7 14. Bd4 dxe5 15. Bxe5 Bxe5 16. fxe5 Qxe5 17. Bd3 Be6 18. Qa4 Bd5 19. Rde1 Qf4+ 20. Kb1 Ng4 21. Re2 Ne5 22. Bc2 f5 23. Nf6+ 1-0

[Event "Anti Cheating Blitz Cup"]
[Site "Chess.com INT"]
[Date "2020.05.20"]
[Round "8"]
[White "Andolfatto, Maria"]
[Black "Grimaldi, Angela Flavia"]
[Result "1-0"]
[WhiteElo "2002"]
[BlackElo "2070"]
[PlyCount "69"]
[EventDate "2020.05.20"]
[EventType "swiss (blitz)"]
[EventRounds "11"]
[EventCountry "USA"]
[SourceTitle "CBM 196 Extra"]
[Source "ChessBase"]
[SourceDate "2020.07.31"]
[SourceVersion "1"]
[SourceVersionDate "2020.07.31"]
[SourceQuality "1"]

1. Nf3 Nf6 2. c4 e6 3. g3 d5 4. Bg2 d4 5. 0-0 c5 6. d3 Nc6 7. e3 Bd6 8. exd4 cxd4 9. Bg5 0-0 10. Nbd2 h6 11. Bxf6 Qxf6 12. Ne4 Qd8 13. c5 Be7 14. Rc1 e5 15. Re1 Bf5 16. a3 a5 17. Nfd2 Be6 18. Nc4 f5 19. Ned2 e4 20. dxe4 f4 21. Nd6 Bxd6 22. cxd6 Qxd6 23. e5 Nxe5 24. Qe2 f3 25. Qxe5 Qd5 26. Qxd5 Bxd5 27. Bf1 Rfd8 28. Bc4 Bxc4 29. Nxc4 d3 30. Nd2 Rd7 31. Re3 Rf8 32. Rc3 Rfd8 33. Rxf3 Re7 34. Re3 Red7 35. Kf1 1-0

[Event "ITA-ch sf"]
[Site "Spoleto"]
[Date "2019.07.27"]
[Round "8"]
[White "Gueci, Tea"]
[Black "Grimaldi, Angela Flavia"]
[Result "1-0"]
[WhiteElo "2245"]
[BlackElo "1956"]
[PlyCount "53"]
[EventDate "2019.07.20"]
[EventType "swiss"]
[EventRounds "9"]
[EventCountry "ITA"]
[SourceTitle "EXT 2020"]
[Source "ChessBase"]
[SourceDate "2019.10.17"]
[SourceVersion "1"]
[SourceVersionDate "2019.10.17"]
[SourceQuality "1"]

1. e4 c5 2. Nf3 g6 3. d4 cxd4 4. Nxd4 Nf6 5. f3 Nc6 6. c4 Qb6 7. Nc2 d6 8. Nc3 Bg7 9. Be2 0-0 10. Qd3 Ne5 11. Qe3 Qc7 12. b3 a6 13. 0-0 Bd7 14. Bb2 Rfc8 15. Kh1 Qa5 16. Nd4 Nc6 17. Nc2 Ne5 18. h3 Rab8 19. f4 Nc6 20. Rab1 Nb4 21. Nxb4 Qxb4 22. e5 dxe5 23. fxe5 Ne8 24. Nd5 Qc5 25. Qf4 Be6 26. b4 Qa7 27. Nxe7+ 1-0